Desahuciados medioambientales: historias de vida/
Đã lưu trong:
| Tác giả chính: | |
|---|---|
| Tác giả khác: | |
| Định dạng: | Sách |
| Ngôn ngữ: | Spanish |
| Các nhãn: |
Thêm thẻ
Không có thẻ, Là người đầu tiên thẻ bản ghi này!
|
MARC
| LEADER | 00000nam a22000007a 4500 | ||
|---|---|---|---|
| 003 | cru CIDCACS/IIS | ||
| 005 | 20170817113612.0 | ||
| 007 | ta | ||
| 008 | 170817s2015 mx |||||r|||| 00| 0 spa d | ||
| 999 | |c 40289 |d 40289 | ||
| 040 | |c cru CIDCACS/IIS | ||
| 100 | 1 | |9 5233 |a Kárpava, Alena | |
| 245 | 1 | |a Desahuciados medioambientales: |b historias de vida/ |c Alena Kárpava, Matías Bedmar-Moreno | |
| 300 | |a páginas 107-130: | ||
| 700 | 1 | |9 5234 |a Bedmar-Moreno, Matías | |
| 773 | 0 | |0 40285 |9 1106 |a Universidad Autónoma del Estado de México. |d México: Universidad Autónoma del Estado de México, 1993- |o 18285 |t Convergencia: |x 14051435 | |
| 942 | |2 ddc |c PP | ||
